| 000 | 00828nam a2200253 a 4500 | ||
|---|---|---|---|
| 001 | 60153 | ||
| 003 | BD-RjUL | ||
| 005 | 20211209080817.0 | ||
| 008 | 161228s1985 coua b 001 0 eng | ||
| 020 |
_a0865316848 : _c$32.50 |
||
| 035 | _a(BD-RjUL)60277 | ||
| 040 |
_aDLC _cDLC _dBD-RjUL _beng |
||
| 041 | _aeng | ||
| 082 | 0 | 0 |
_a355.13323 _223 _bCEN 1985 |
| 245 | 0 | 0 |
_aCentral organizations of defense / _cedited by Martin Edmonds. |
| 260 |
_aBoulder, Colo. : _bWestview Press ; _aLondon : _bF. Pinter, _c1985. |
||
| 300 |
_axiv, 237 p. : _bill. ; _c24 cm. |
||
| 504 | _aIncludes bibliographies and index. | ||
| 650 | 0 |
_aMilitary policy _xDecision making. _9179068 |
|
| 700 | 1 |
_aEdmonds, Martin, _d1939- _9179069 |
|
| 942 |
_2ddc _cBK |
||
| 999 |
_c60153 _d60153 |
||